| 000 | 00906nam a2200277 i 4500 | ||
|---|---|---|---|
| 001 | bg | ||
| 100 | 1 |
_aBurakowski, Tadeusz _d(1934- ). |
|
| 245 | 1 | 0 |
_aAreologia : _bpowstanie i rozwój / _cTadeusz Burakowski. |
| 260 |
_aRadom : _bWydawnictwo Instytutu Technologii Eksploatacji - PIB, _ccop. 2007. |
||
| 300 |
_a260 s. : _bil. ; _c24 cm. |
||
| 490 | 1 | _aBiblioteka Problemów Eksploatacji | |
| 504 | _aBibliogr. przy rozdz. | ||
| 650 | 9 | _aInżynieria powierzchni | |
| 655 | _aPodręczniki akademickie | ||
| 830 | _aBiblioteka Problemów Eksploatacji | ||
| 015 | _aPB 24980/2007 | ||
| 020 | _a9788372046161 | ||
| 040 | _cBPK | ||
| 041 | _apol | ||
| 044 | _aPOL | ||
| 080 | _a621.791/.795(075.8) | ||
| 920 | _a978-83-7204-616-1 | ||
| 942 | _cKS | ||
| 008 | 071112s2007 pl a f f |000 0 pol | ||
| 999 |
_c54930 _d54930 |
||
| 856 |
_uhttp://koha.tu.koszalin.pl/cgi-bin/koha/opac-detail.pl?biblionumber=54930 _yKatalog online BPK |
||